000 01081na a2200289 4500
001 22419
003 MIRAKIL
005 20181213155254.0
008 170213b tu 000 0
035 _a22419
040 _aMilas
_btur
_cTR-AnCHP
041 _atur
090 _aSHP 38
110 _aSosyaldemokrat Halkçı Parti (SHP)
240 _aSHP ile daha çok huzur SHP ile daha çok Güven
245 _aSHP Genel Başkanı Devlet Bakanı ve Başbakan yardımcısı Erdal İnönü SHP ile daha çok huzur SHP ile daha çok Güven
_bSHP ile daha çok huzur SHP ile daha çok Güven
_c[Erdal İnönü]
246 _aSHP seçim kampanyaları
246 _aSHP ile daha çok huzur SHP ile daha çok Güven
260 _aAnkara
_bSHP
_c[t.y.]
300 _aKatlı broşür
_c24 sm.
440 _aSosyaldemokrat Halkçı Parti (SHP) yayınları
_pSeçim kampanyaları
_pProgramlar
610 _aSHP
_yGenel seçimler
610 _aSHP
_xPropaganda ve ideolojiler
_ySeçim kampanyası yönetimi
657 _aSHP tarım programı
942 _2ddc
_cBKS
999 _c9678
_d9678